[Event "GRE-ch (Women) 41st"]
[Site "Thessaloniki"]
[Date "2018.12.15"]
[Round "4"]
[White "Grapsa, Georgia"]
[Black "Fragkou, Eleni"]
[Result "1-0"]
[WhiteElo "2097"]
[BlackElo "2031"]
[PlyCount "95"]
[EventDate "2018.12.12"]
[EventType "tourn"]
[EventRounds "9"]
[EventCountry "GRE"]
[SourceTitle "CBM 187 Extra"]
[Source "ChessBase"]
[SourceDate "2018.11.04"]
[SourceVersion "1"]
[SourceVersionDate "2018.11.04"]
[SourceQuality "1"]

1. d4 Nf6 2. c4 g6 3. g3 Bg7 4. Bg2 0-0 5. Nf3 d6 6. 0-0 Nc6 7. Nc3 e5 8. h3 exd4 9. Nxd4 Nxd4 10. Qxd4 Nd7 11. Qd2 Nc5 12. b4 Ne6 13. Bb2 Bd7 14. Rad1 a5 15. a3 axb4 16. axb4 Bc6 17. e4 f5 18. b5 Bxe4 19. Nxe4 fxe4 20. Bxg7 Kxg7 21. Bxe4 Nc5 22. Bg2 Qf6 23. b6 cxb6 24. Qxd6 Ra2 25. Qxf6+ Rxf6 26. f4 Re6 27. Rf2 Ra3 28. g4 Rc3 29. f5 gxf5 30. gxf5 Rf6 31. Rd4 Rd3 32. Rg4+ Kf8 33. Bd5 h5 34. Rg5 Rxd5 35. cxd5 Ne4 36. Rg6 Kf7 37. Rxf6+ Kxf6 38. Re2 Nc5 39. Kf1 Kxf5 40. Ke1 b5 41. Kd2 b4 42. Kc2 b6 43. d6 h4 44. Re8 Kf6 45. Re7 b5 46. Re8 Kf7 47. Re5 b3+ 48. Kb1 1-0

[Event "GRE-chT 46th"]
[Site "Rio Achaia"]
[Date "2018.07.15"]
[Round "7.12"]
[White "Juhasz, Barbara"]
[Black "Fragkou, Eleni"]
[Result "1/2-1/2"]
[WhiteElo "2227"]
[BlackElo "1979"]
[PlyCount "99"]
[EventDate "2018.07.10"]
[EventType "team"]
[EventRounds "7"]
[EventCountry "GRE"]
[SourceTitle "CBM 185 Extra"]
[Source "ChessBase"]
[SourceDate "2018.07.29"]
[SourceVersion "1"]
[SourceVersionDate "2018.07.29"]
[SourceQuality "1"]
[WhiteTeam "Evoiki EV"]
[BlackTeam "3 Stars 89"]
[WhiteTeamCountry "GRE"]
[BlackTeamCountry "GRE"]

1. e4 c5 2. Nf3 d6 3. d4 cxd4 4. Qxd4 Nc6 5. Bb5 Bd7 6. Qd3 g6 7. c4 Bg7 8. 0-0 Nf6 9. Nc3 0-0 10. h3 a6 11. Bxc6 Bxc6 12. Be3 Nd7 13. Bd4 Nc5 14. Qe3 Bxd4 15. Nxd4 Ne6 16. Rad1 Qa5 17. a3 Nxd4 18. Qxd4 Qe5 19. Nd5 Bxd5 20. Qxe5 dxe5 21. Rxd5 Rfd8 22. Rfd1 Rxd5 23. Rxd5 Rc8 24. b3 f6 25. Kf1 Kf7 26. Ke2 Ke6 27. Kd3 f5 28. f3 h5 29. Ke3 f4+ 30. Kf2 g5 31. a4 Rg8 32. Rd1 g4 33. hxg4 hxg4 34. fxg4 Rxg4 35. Rd3 Rh4 36. c5 Rh1 37. Rc3 Kd7 38. Kf3 Re1 39. b4 Kc6 40. Rb3 Ra1 41. Kg4 Rxa4 42. Kf5 a5 43. bxa5 Rxa5 44. Kxe5 Ra2 45. Rb6+ Kxc5 46. Rxb7 Rxg2 47. Rc7+ Kb6 48. Rxe7 f3 49. Rf7 Rf2 50. Kd4 1/2-1/2

[Event "GRE-chT 46th"]
[Site "Rio Achaia"]
[Date "2018.07.11"]
[Round "2.4"]
[White "Antova, Gabriela"]
[Black "Fragkou, Eleni"]
[Result "0-1"]
[WhiteElo "2301"]
[BlackElo "1979"]
[PlyCount "56"]
[EventDate "2018.07.10"]
[EventType "team"]
[EventRounds "7"]
[EventCountry "GRE"]
[SourceTitle "CBM 185 Extra"]
[Source "ChessBase"]
[SourceDate "2018.07.29"]
[SourceVersion "1"]
[SourceVersionDate "2018.07.29"]
[SourceQuality "1"]
[WhiteTeam "Chania"]
[BlackTeam "3 Stars 89"]
[WhiteTeamCountry "GRE"]
[BlackTeamCountry "GRE"]

1. d4 Nf6 2. c4 g6 3. Nc3 Bg7 4. e4 d6 5. Nf3 0-0 6. Be2 Bg4 7. 0-0 Nfd7 8. Be3 Nc6 9. Rc1 e5 10. d5 Bxf3 11. Bxf3 Nd4 12. b4 f5 13. Bxd4 exd4 14. Nb5 fxe4 15. Bxe4 Qh4 16. Qc2 Ne5 17. h3 d3 18. Bxd3 Nf3+ 19. Kh1 Ng5 20. f4 Nxh3 21. gxh3 Qxh3+ 22. Qh2 Qxd3 23. Qg2 Rae8 24. Nxc7 Re2 25. Qf3 Re3 26. Qg4 Qe4+ 27. Qg2 Rh3+ 28. Kg1 Bd4+ 0-1

[Event "GRE-chT 45th"]
[Site "Achaia"]
[Date "2017.07.08"]
[Round "7.11"]
[White "Drakaki, Anna Maria"]
[Black "Fragkou, Eleni"]
[Result "1/2-1/2"]
[WhiteElo "1912"]
[BlackElo "1974"]
[PlyCount "151"]
[EventDate "2017.07.03"]
[EventType "team-swiss"]
[EventRounds "7"]
[EventCountry "GRE"]
[SourceTitle "CBM 179 Extra"]
[Source "ChessBase"]
[SourceDate "2017.08.23"]
[SourceVersion "1"]
[SourceVersionDate "2017.08.23"]
[SourceQuality "1"]
[WhiteTeam "Rhodes Knight"]
[BlackTeam "Three Stars 89"]
[WhiteTeamCountry "GRE"]
[BlackTeamCountry "GRE"]

1. e4 e5 2. Bc4 Nf6 3. d3 c6 4. Qe2 Be7 5. Nf3 0-0 6. 0-0 d6 7. c3 Bg4 8. h3 Bh5 9. Bb3 Nbd7 10. Nbd2 Nc5 11. Bc2 Ne6 12. Nc4 b5 13. Ne3 Nf4 14. Qd1 Qd7 15. Nf5 Bd8 16. d4 g6 17. dxe5 dxe5 18. Nh6+ Kg7 19. Qxd7 Nxd7 20. Bxf4 exf4 21. Ng4 Bxg4 22. hxg4 Bb6 23. Rad1 Nf6 24. Nh2 Rfe8 25. Rfe1 Rad8 26. g5 Nh5 27. Ng4 f6 28. gxf6+ Nxf6 29. Nxf6 Kxf6 30. Kf1 Ke5 31. f3 h5 32. Rxd8 Rxd8 33. Rd1 Rxd1+ 34. Bxd1 g5 35. Bb3 g4 36. Bf7 gxf3 37. gxf3 h4 38. Kg2 Be3 39. Be8 Kd6 40. Kh3 Bf2 41. Kg4 a5 42. b4 axb4 43. cxb4 c5 44. Bxb5 cxb4 45. Kxf4 Bg3+ 46. Kg4 Ke5 47. Bc6 Kd6 48. Ba8 Ke5 49. Bb7 Bh2 50. Kxh4 Kf4 51. Kh3 Bg1 52. Kg2 Bd4 53. Bc8 Bb2 54. Kf2 Bd4+ 55. Ke2 Be5 56. Bg4 Bb2 57. Kd3 Ke5 58. Kc4 Ba3 59. Bh5 Kf4 60. Kd5 Bb2 61. Bg4 Bc3 62. Kc4 Bd2 63. Kc5 Ke5 64. Bh5 Be1 65. Kc4 Bd2 66. Kd3 Bg5 67. Kc4 Be7 68. Bg4 Bf8 69. Bf5 Be7 70. Kb5 Bf8 71. Kc6 Bh6 72. Kd7 Bc1 73. Ke7 Bg5+ 74. Kf7 Bd2 75. Kg6 Be3 76. Kh5 1/2-1/2

[Event "GRE-chT 45th"]
[Site "Achaia"]
[Date "2017.07.04"]
[Round "3.4"]
[White "Fragkou, Eleni"]
[Black "Cyfka, Karina"]
[Result "0-1"]
[WhiteElo "1974"]
[BlackElo "2396"]
[PlyCount "62"]
[EventDate "2017.07.03"]
[EventType "team-swiss"]
[EventRounds "7"]
[EventCountry "GRE"]
[SourceTitle "CBM 179 Extra"]
[Source "ChessBase"]
[SourceDate "2017.08.23"]
[SourceVersion "1"]
[SourceVersionDate "2017.08.23"]
[SourceQuality "1"]
[WhiteTeam "Three Stars 89"]
[BlackTeam "Irakleiou Attikis"]
[WhiteTeamCountry "GRE"]
[BlackTeamCountry "GRE"]

1. d4 Nf6 2. Nf3 e6 3. e3 b6 4. Bd3 Bb7 5. Nbd2 g6 6. 0-0 Bg7 7. a4 a5 8. e4 d6 9. Re1 0-0 10. b3 Nbd7 11. Bb2 Re8 12. h3 Qe7 13. Nb1 e5 14. d5 Nc5 15. Nc3 Nh5 16. Bf1 Rf8 17. g3 Bc8 18. Bg2 Nf6 19. Nd2 Ne8 20. Ne2 f5 21. exf5 gxf5 22. f4 e4 23. Bxg7 Qxg7 24. Nc4 Nf6 25. Qd4 Na6 26. Ne3 Nb4 27. Kf2 Qf7 28. Rad1 Qg6 29. Rg1 Kf7 30. Ke1 Nfxd5 31. Qc4 Ba6 0-1

[Event "Isthmia op 3rd"]
[Site "Vrachati"]
[Date "2013.08.18"]
[Round "1"]
[White "Fragkou, Eleni"]
[Black "Vragoteris, Antonios"]
[Result "0-1"]
[WhiteElo "1949"]
[BlackElo "2261"]
[PlyCount "48"]
[EventDate "2013.08.18"]
[EventType "swiss"]
[EventRounds "9"]
[EventCountry "GRE"]
[SourceTitle "CBM 156 Extra"]
[Source "ChessBase"]
[SourceDate "2013.10.22"]
[SourceVersion "1"]
[SourceVersionDate "2013.10.22"]
[SourceQuality "1"]

1. e4 c5 2. Nf3 Nc6 3. Bb5 d6 4. Na3 Bd7 5. 0-0 a6 6. Bxc6 Bxc6 7. e5 e6 8. Re1 Ne7 9. exd6 Ng6 10. Nc4 Bxd6 11. Nxd6+ Qxd6 12. b3 Rd8 13. Ng5 Qd5 14. Ne4 Qf5 15. Ng3 Qf6 16. Ba3 Nf4 17. Nh5 Nxh5 18. Qxh5 Rd5 19. Qe2 Rg5 20. g3 h5 21. d4 h4 22. d5 Bxd5 23. c4 hxg3 24. cxd5 gxf2+ 0-1

[Event "Isthmia op-A 2nd"]
[Site "Korinthos"]
[Date "2012.08.24"]
[Round "8"]
[White "Azaladze, Shota"]
[Black "Fragkou, Eleni"]
[Result "1-0"]
[WhiteElo "2466"]
[BlackElo "1931"]
[PlyCount "79"]
[EventDate "2012.08.18"]
[EventType "swiss"]
[EventRounds "9"]
[EventCountry "GRE"]
[SourceTitle "CBM 150 Extra"]
[Source "ChessBase"]
[SourceDate "2012.10.19"]
[SourceVersion "1"]
[SourceVersionDate "2012.10.19"]
[SourceQuality "1"]

1. Nf3 Nf6 2. g3 g6 3. Bg2 Bg7 4. 0-0 0-0 5. c4 c6 6. d4 d6 7. Nc3 Qa5 8. e4 Nbd7 9. Rb1 Qb4 10. Qe2 e5 11. a3 Qb6 12. d5 c5 13. Ne1 Ne8 14. Nd3 Qb3 15. Bg5 f6 16. Nc1 Qb6 17. Be3 f5 18. b4 f4 19. Bd2 Qd8 20. Nd3 b6 21. f3 g5 22. Bh3 Ndf6 23. Bf5 Nc7 24. g4 h5 25. h3 Qe8 26. Nf2 hxg4 27. hxg4 Nh7 28. Kg2 Rf6 29. Rh1 Rh6 30. Rxh6 Bxh6 31. Rh1 Kg7 32. Qd1 Nf6 33. Rh2 a5 34. bxc5 bxc5 35. Qh1 Ng8 36. a4 Na6 37. Nb5 Qd8 38. Bxa5 Qxa5 39. Bxc8 Qd8 40. Be6 1-0

[Event "GRE-ch U20 Girls"]
[Site "Nikaia"]
[Date "2012.01.06"]
[Round "4"]
[White "Fragkou, Eleni"]
[Black "Iordanidou, Zoi"]
[Result "1/2-1/2"]
[WhiteElo "1956"]
[BlackElo "2166"]
[PlyCount "93"]
[EventDate "2012.01.03"]
[EventType "tourn"]
[EventRounds "7"]
[EventCountry "GRE"]
[SourceTitle "CBM 146 Extra"]
[Source "ChessBase"]
[SourceDate "2012.02.29"]
[SourceVersion "1"]
[SourceVersionDate "2012.02.29"]
[SourceQuality "1"]

1. e4 c5 2. Nf3 Nc6 3. d4 cxd4 4. Nxd4 Nf6 5. Nc3 d6 6. Bc4 g6 7. Nxc6 bxc6 8. e5 Ng4 9. Bf4 Bh6 10. Bxh6 Nxh6 11. Qd2 Ng4 12. exd6 Qxd6 13. 0-0-0 Qxd2+ 14. Rxd2 0-0 15. Re1 Re8 16. Rde2 Kf8 17. h3 Nf6 18. g4 Rb8 19. a3 Bd7 20. Re5 Rb7 21. Na4 Rc7 22. Nc5 Bc8 23. b4 Rd8 24. Rd1 Rd6 25. Re3 Ne8 26. Rde1 Rd4 27. Re4 Rxe4 28. Rxe4 Nd6 29. Rd4 Ke8 30. Bf1 f5 31. Kd2 Nf7 32. gxf5 Bxf5 33. f4 e5 34. fxe5 Nxe5 35. Bg2 Re7 36. c4 g5 37. Ne4 Bxe4 38. Bxe4 h5 39. Kc3 Rf7 40. Rd6 Ke7 41. c5 g4 42. hxg4 hxg4 43. Kd4 Nf3+ 44. Ke3 Ne5 45. Kd4 Nf3+ 46. Ke3 Ne5 47. Kd4 1/2-1/2

[Event "Nikaia op 19th"]
[Site "Nikaia"]
[Date "2011.08.27"]
[Round "2"]
[White "Maliaros, Stavros"]
[Black "Fragkou, Eleni"]
[Result "1/2-1/2"]
[WhiteElo "2066"]
[BlackElo "1864"]
[PlyCount "45"]
[EventDate "2011.08.26"]
[EventType "swiss"]
[EventRounds "9"]
[EventCountry "GRE"]
[SourceTitle "CBM 144 Extra"]
[Source "ChessBase"]
[SourceDate "2011.10.28"]
[SourceVersion "1"]
[SourceVersionDate "2011.10.28"]
[SourceQuality "1"]

1. Nc3 c5 2. Ne4 e6 3. f4 d5 4. Nf2 Nf6 5. Nf3 Nc6 6. g3 Bd6 7. Bg2 e5 8. fxe5 Nxe5 9. Nxe5 Bxe5 10. Nd3 Bd6 11. 0-0 h5 12. Nf4 h4 13. d4 Ng4 14. Qd3 c4 15. Qf3 Bxf4 16. Qxf4 Be6 17. Bh3 Qd7 18. Bxg4 Bxg4 19. Qe5+ Be6 20. Bf4 f6 21. Qc7 Qxc7 22. Bxc7 Kd7 23. Bf4 1/2-1/2

[Event "GRE-chT 39th"]
[Site "Eretria"]
[Date "2011.07.05"]
[Round "4.1"]
[White "Fragkou, Eleni"]
[Black "Pasoglou, Ekaterini"]
[Result "1-0"]
[WhiteElo "1864"]
[BlackElo "1483"]
[PlyCount "51"]
[EventDate "2011.07.03"]
[EventType "team-swiss"]
[EventRounds "7"]
[EventCountry "GRE"]
[SourceTitle "CBM 143 Extra"]
[Source "ChessBase"]
[SourceDate "2011.08.29"]
[SourceVersion "1"]
[SourceVersionDate "2011.08.29"]
[SourceQuality "1"]
[WhiteTeam "Peristeriou"]
[BlackTeam "Thessaloniki ES"]
[WhiteTeamCountry "GRE"]
[BlackTeamCountry "GRE"]

1. e4 c5 2. b3 b6 3. Nf3 Bb7 4. Nc3 e6 5. d4 cxd4 6. Nxd4 a6 7. Bb2 d6 8. Bd3 Nf6 9. 0-0 Be7 10. f4 Nbd7 11. Qe2 Qc7 12. Rae1 0-0 13. Kh1 Nc5 14. b4 Ncd7 15. a3 Nb8 16. e5 Nd5 17. Nxd5 Bxd5 18. c4 Bb7 19. Qg4 Nd7 20. exd6 Nf6 21. Bxh7+ Kh8 22. Qh3 Bxd6 23. Nb5 Bxg2+ 24. Kxg2 Qc6+ 25. Be4+ Kg8 26. Bxc6 1-0

[Event "GRE-ch U16 Girls"]
[Site "Eretria"]
[Date "2011.06.28"]
[Round "4.1"]
[White "Fragkou, Eleni"]
[Black "Anastasopoulou, Andrianna"]
[Result "1-0"]
[WhiteElo "1910"]
[BlackElo "1762"]
[PlyCount "63"]
[EventDate "2011.06.25"]
[EventType "swiss"]
[EventRounds "7"]
[EventCountry "GRE"]
[SourceTitle "EXT 2024"]
[Source "ChessBase"]
[SourceDate "2023.10.10"]
[SourceVersion "1"]
[SourceVersionDate "2023.10.10"]
[SourceQuality "1"]

1. Nf3 d5 2. d4 Nf6 3. e3 e6 4. Bd3 c5 5. b3 Nc6 6. Bb2 Bd6 7. Nbd2 b6 8. 0-0 Bb7 9. a3 0-0 10. c4 cxd4 11. exd4 Rc8 12. Qe2 Be7 13. Rac1 dxc4 14. bxc4 Qc7 15. d5 Nd8 16. Rfd1 Qd7 17. Bxf6 Bxf6 18. Ne4 exd5 19. Nxf6+ gxf6 20. Nh4 f5 21. Bxf5 Ne6 22. Qg4+ Kh8 23. Qh5 f6 24. Ng6+ Kg8 25. Nxf8 Rxf8 26. Qg4+ Kf7 27. cxd5 Bxd5 28. Rxd5 Qxd5 29. Bxe6+ Qxe6 30. Rc7+ Qe7 31. Qh5+ Ke6 32. Qe2+ 1-0

[Event "Nikaia Fysiolatriko op 09th"]
[Site "Nikaia"]
[Date "2011.06.22"]
[Round "8"]
[White "Fragkou, Eleni"]
[Black "Kapnisis, Spyridon"]
[Result "0-1"]
[WhiteElo "1910"]
[BlackElo "2523"]
[PlyCount "86"]
[EventDate "2011.06.16"]
[EventType "swiss"]
[EventRounds "9"]
[EventCountry "GRE"]
[SourceTitle "CBM 143 Extra"]
[Source "ChessBase"]
[SourceDate "2011.08.29"]
[SourceVersion "1"]
[SourceVersionDate "2011.08.29"]
[SourceQuality "1"]

1. e4 e5 2. Nf3 Nc6 3. Bc4 Bc5 4. c3 Nf6 5. d3 0-0 6. 0-0 d5 7. exd5 Nxd5 8. Nbd2 Nb6 9. Bb5 f6 10. d4 exd4 11. Ne4 Be7 12. Bxc6 bxc6 13. Nxd4 Qd7 14. Qb3+ Kh8 15. Re1 c5 16. Nf3 Bb7 17. Bf4 Rae8 18. Ng3 c4 19. Qc2 Bxf3 20. gxf3 f5 21. Rad1 Qc6 22. Kg2 Nd5 23. Qc1 Bc5 24. Re5 Rxe5 25. Bxe5 f4 26. Ne4 Bb6 27. Qd2 Rd8 28. Qe2 Qe6 29. Rxd5 Rxd5 30. Bxf4 Rf5 31. Bg3 h6 32. Qd1 Qd5 33. Qa4 Qd3 34. Qe8+ Kh7 35. f4 Qd5 36. f3 Rf7 37. Qe5 Qd3 38. Qh5 Kg8 39. f5 Qe2+ 40. Bf2 Bxf2 41. Nxf2 Qxb2 42. Qg4 Qxc3 43. Qe4 Qf6 0-1

[Event "GRE-ch U18 Girls"]
[Site "Peristeri"]
[Date "2011.01.08"]
[Round "8"]
[White "Papathanasiou, Elisavet"]
[Black "Fragkou, Eleni"]
[Result "1-0"]
[WhiteElo "1792"]
[BlackElo "1911"]
[PlyCount "79"]
[EventDate "2011.01.03"]
[EventType "swiss"]
[EventRounds "9"]
[EventCountry "GRE"]
[SourceTitle "CBM 140 Extra"]
[Source "ChessBase"]
[SourceDate "2011.03.01"]
[SourceVersion "1"]
[SourceVersionDate "2011.03.01"]
[SourceQuality "1"]

1. d4 Nf6 2. c4 e6 3. Nf3 b6 4. Nc3 Bb4 5. e3 Ne4 6. Qc2 Bxc3+ 7. bxc3 Bb7 8. Bd3 f5 9. 0-0 0-0 10. Ne1 d6 11. f3 Ng5 12. d5 Na6 13. h4 Nf7 14. dxe6 Nh6 15. e4 f4 16. e5 Qxh4 17. Bxh7+ Kh8 18. exd6 cxd6 19. Ba3 Rfe8 20. Bf5 Nc5 21. Bxc5 dxc5 22. Bh3 Bc8 23. Qe4 Bxe6 24. Bxe6 Qf6 25. Nd3 Qxe6 26. Qxe6 Rxe6 27. Nxf4 Re3 28. Nd5 Re2 29. Rfe1 Rae8 30. Kf1 Rxe1+ 31. Rxe1 Rxe1+ 32. Kxe1 Nf5 33. Ke2 Kg8 34. g4 Nd6 35. Kd3 Kf7 36. Nc7 Kf6 37. Nb5 Nf7 38. Ke4 a6 39. Nc7 g5 40. Kd5 1-0

[Event "GRE-chT Div-A 38th"]
[Site "Peristeri"]
[Date "2010.07.11"]
[Round "7"]
[White "Iliopoulou, Elisavet"]
[Black "Fragkou, Eleni"]
[Result "0-1"]
[WhiteElo "1578"]
[BlackElo "1896"]
[PlyCount "94"]
[EventDate "2010.07.05"]
[EventType "team-swiss"]
[EventRounds "7"]
[EventCountry "GRE"]
[SourceTitle "CBM 137 Extra"]
[Source "ChessBase"]
[SourceDate "2010.09.01"]
[SourceVersion "1"]
[SourceVersionDate "2010.09.01"]
[SourceQuality "1"]

1. f4 d5 2. Nf3 g6 3. e3 Bg7 4. Nc3 Nf6 5. Be2 0-0 6. 0-0 c5 7. d3 Nc6 8. Bd2 b6 9. Qe1 Bb7 10. Bc1 Rc8 11. Nb1 d4 12. e4 b5 13. Nbd2 Qb6 14. Kh1 Na5 15. c3 dxc3 16. bxc3 c4 17. Bb2 Ng4 18. Nd4 Ne3 19. Rf3 Bxd4 20. Rc1 Bg7 21. Qh4 cxd3 22. Rh3 h6 23. c4 f6 24. Bxd3 Naxc4 25. Nxc4 Nxc4 26. Bxc4+ Rxc4 27. Re1 Bxe4 28. Rhe3 Qc6 29. Qf2 Rc2 30. R3e2 Rc8 31. h3 a5 32. a3 Bf5 33. Kh2 Qd6 34. Kg1 h5 35. Kh1 Bh6 36. g3 b4 37. axb4 axb4 38. Kh2 R8c7 39. Kh1 b3 40. Kh2 Qd7 41. Qg2 Bd3 42. Kh1 Bxe2 43. Rxe2 Qd1+ 44. Kh2 Rxe2 45. Qxe2 Qxe2+ 46. Kg1 Qxb2 47. Kf1 Rc1# 0-1

[Event "GRE-ch U16 Girls"]
[Site "Kallithea"]
[Date "2010.07.01"]
[Round "6"]
[White "Barbageorgopoulou, Fani"]
[Black "Fragkou, Eleni"]
[Result "0-1"]
[WhiteElo "1879"]
[BlackElo "1889"]
[PlyCount "90"]
[EventDate "2010.06.26"]
[EventType "swiss"]
[EventRounds "7"]
[EventCountry "GRE"]
[SourceTitle "EXT 2011"]
[Source "ChessBase"]
[SourceDate "2010.11.26"]
[SourceVersion "1"]
[SourceVersionDate "2010.11.26"]
[SourceQuality "1"]

1. d4 Nf6 2. Nf3 e6 3. c4 b6 4. Nc3 Bb7 5. Bg5 h6 6. Bh4 Be7 7. e3 c5 8. Be2 g5 9. Bg3 g4 10. Ne5 h5 11. f3 d6 12. Nd3 h4 13. Bf4 h3 14. Rg1 hxg2 15. fxg4 Nbd7 16. Bf3 Bxf3 17. Qxf3 cxd4 18. exd4 Rc8 19. b3 a6 20. a4 d5 21. Ne5 dxc4 22. Nxc4 Bb4 23. Rc1 Nd5 24. Nd6+ Bxd6 25. Bxd6 Qg5 26. Kf2 Qd2+ 27. Ne2 Rd8 28. Rxg2 Nb4 29. Rc3 Nd5 30. Rd3 Qg5 31. Nf4 N7f6 32. Nxd5 Nxd5 33. Be5 f6 34. Bg3 Rc8 35. Qe2 Kd7 36. h4 Rxh4 37. Bxh4 Qxh4+ 38. Kf3 Qh3+ 39. Rg3 Qh1+ 40. Qg2 Qb1 41. Qd2 Rc2 42. Qd1 Rc1 43. Qd2 Rf1+ 44. Ke4 Qe1+ 45. Qxe1 Rf4# 0-1